Ateliers de construction de machines-outils / (Record no. 37516)

MARC details
000 -LEADER
campo de control de longitud fija 00629nam a2200169 i 4500
001 - NÚMERO DE CONTROL
campo de control 37516
003 - IDENTIFICADOR DE NÚMERO DE CONTROL
campo de control ES-MaACL
005 - FECHA Y HORA DE LA ÚLTIMA TRANSACCIÓN
campo de control 20230906155606.0
007 - CAMPO FIJO DE DESCRIPCIÓN FÍSICA--INFORMACIÓN GENERAL
campo de control de longitud fija t|
008 - DATOS DE LONGITUD FIJA--INFORMACIÓN GENERAL
campo de control de longitud fija 030113s1885 be ||||1| fre d
110 2# - ENTRADA PRINCIPAL--NOMBRE DE ENTIDAD CORPORATIVA
Nombre de entidad corporativa o nombre de jurisdicción como elemento de entrada Fabrique de Garnitures de Cardes et de Courroies de Ant. Fetu & Deliége.
9 (RLIN) 4060
245 10 - MENCIÓN DEL TÍTULO
Título Ateliers de construction de machines-outils /
Mención de responsabilidad, etc. Fabrique de Garnitures de Cardes & de Courroies de Ant. Fetu & Deliége áa Liege (Belgique).
260 ## - PUBLICACIÓN, DISTRIBUCIÓN, ETC.
Lugar de publicación, distribución, etc. Liége :
Nombre del editor, distribuidor, etc. [s.n.],
Fecha de publicación, distribución, etc. 1885.
300 ## - DESCRIPCIÓN FÍSICA
Extensión 15 p. :
Otras características físicas il. ;
Dimensiones 28 cm.
650 #4 - PUNTO DE ACCESO ADICIONAL DE MATERIA--TÉRMINO DE MATERIA
Término de materia o nombre geográfico como elemento de entrada Máquinas para la madera-
Subdivisión de forma Catálogos.
9 (RLIN) 151543
852 ## - LOCALIZACIÓN
Ubicación ES-MaACL
Número de control de estantería T-516-F-10
Holdings
Estatus retirado Estado de pérdida Estado de daño No para préstamo Colección Biblioteca de origen Biblioteca actual Ubicación en estantería Fecha de adquisición Fuente de adquisición Total de préstamos Signatura topográfica completa Código de barras Visto por última vez Precio de reemplazo Tipo de ítem Koha
        Colección de folletos Biblioteca del Ateneo de Madrid Biblioteca del Ateneo de Madrid Depósito folletos 17/01/2008     T-516-F-10 1039485 23/02/2023 23/02/2023 Folleto